000 00948nas a2200301 4500
001 BR2012003273
003 BR-BrBNA
005 20231205120529.0
007 ta
008 230509b bl.|||p| |||| 00| 00por d
040 _aBR-BrBNA
_bpor
_cBiblioteca Nacional de Agricultura
041 _a(Pt)
072 _aF62
100 1 _aLucas, D.D.P.
100 1 _aStreck, N.A.
100 1 _aBortoluzzi, M.P.
100 1 _aTrentin, R.
100 1 _aMaldaner, I.C.
245 1 _aTemperatura base para emissão de nós e plastocrono de plantas de melancia
246 1 _aBase temperature for node appearance and plastochron of watermelon plant
650 _aMELANCIA
650 _aCITRULLUS LANATUS
650 _aCRESCIMENTO
650 _aTEMPERATURA
773 0 _tRevista Ciência Agronômica (Brazil)
_xISSN 0045-6888
_g(Apr-Jun 2012), v. 43(2) p. 288-292
_wBR2012003273
909 _a202311
_bLúcia
_c55
_dLúcia Elande
942 _2AGRIS
_n0
_cANA
999 _c218981
_d218981